Ostravské pivovarnictví aneb Jak Ostrava k pivu přišla

Titel: Ostravské pivovarnictví aneb Jak Ostrava k pivu přišla / Boleslav Navrátil
Verfasser:
Ausgabe: 1. vyd.
Veröffentlicht: Ostrava : Repronis, 2007
Umfang: 50 S. : IIl.
Format: Buch
Sprache: Tschechisch
Schriftenreihe/
mehrbändiges Werk:
Ostravica ; 17
Schlagworte:
ISBN: 9788073291549
Buchumschlag
X
alg: 19739490
001A    $03004:01-04-08 
001B    $01999:21-04-21 $t19:31:13.000 
001C    $03004:01-04-08 $t12:48:43.000 
001D    $03004:23-03-20 
001U    $0utf8 
001X    $00 
002@    $0Aau 
003@    $0197394906 
004A    $A978-80-7329-154-9 
007A    $0197394906 $aHEB 
007T    $0Herdpp116663 
010@    $acze 
011@    $a2007 $n2007 
013H    $0z 
021A    $aOstravské pivovarnictví aneb Jak Ostrava k pivu přišla $hBoleslav Navrátil 
028A    $713383056X $8Navrátil, Boleslav$Z1941- [Tp1] $9194350630 
032@    $a1. vyd. 
033A    $pOstrava $nRepronis 
034D    $a50 S. 
034M    $aIIl. 
036E    $aOstravica $l17 
044K    $RMährisch-Ostrau $RSchlesisch-Ostrau $#Ostrau $#Ostrau Mähren $74044095-3 $8Ostrava [Tg1] $9085123633 
044K    $RBier $RBierherstellung $#Beer industry $#Breweries $#Brasserie $#Brasseries $#Birrifici $#breweries $#Brauerei $#Bierbrauerei Brauerei $#Braustätte $#Brauhaus $74008024-9 $8Brauerei [Ts1] $9085013617 
045F    $a330.094371 $eDDC23BSB 
045F/01 $a330.09 
045F/03 $g4371 
045F/03 $g438 
045F/03 $g4385 
045R    $aGeschichte 
046M    $aLiteraturverz. S. 50 

lok: 19739490 24

exp: 19739490 24 1 #EPN
201B/01 $023-03-20 $t14:00:46.000 
201C/01 $001-04-08 
201U/01 $0utf8 
203@/01 $0541769367 
208@/01 $a23-03-20 $bz 
209A/01 $aS 24926 $du $f050 $hS 24926 $x00 
209C/01 $a11.04486 K $h11 04486 K 
209G/01 $a74222609 $x00 
220C/01 $akon 
247C/01 $8358050-7 Marburg, Bibliothek des Herder-Instituts Marburg $9102600961 

lok: 19739490 78

exp: 19739490 78 1 #EPN
201B/01 $002-07-21 $t00:07:26.000 
201U/01 $0utf8 
203@/01 $0792077490 
208@/01 $a12-11-16 $be 
209A/01 $a/ $f000 $x00 
220C/01 $aHerkunft: HÚ AV ČR Praha 
244Z/01 $#Tschechien $#Tschechische Republik $#Tschechische Republik $#Tschechenland $#Tschechei Tschechien $#Česká Republika $#Czech Republic $#ČR $74303381-7 $8--Tg1--Tschechien $x01 $9086659812 
244Z/01 $2Trx $#Böhmen $#Bohemia $#Czechy $8--Trx--Čechy $x02 $9391188941 
244Z/01 $#Ostrau $#Ostrau Mähren $74044095-3 $8--Tg1--Ostrava $x03 $9085123633 
244Z/01 $2Trx $#õllepruulimine $#aludarystė $#brewing $#sörgyár $#browarnictwo $#pivovarníctvo $#pivovarnictví $#Alkohol $#Bier $#alkohol $#piwo $#alkohol $#pivo $#alkohol $#pivo $8--Trx--Brauereiwesen $x04 $939137253X 
244Z/01 $avýroba piva $x05 
244Z/01 $apivovary $x06 
244Z/01 $2Trx $8--Trx--Monographie $x07 $9391384546 
244Z/01 $2Trx $#Silesia $#Śląsk $#Sliezsko $#Slezsko $8--Trx--Schlesien $x08 $9391173987 
244Z/01 $2Trx $#Poola $#Lenkija $#Polija $#Polen Land $#Poland $#Lengyelország $#Poľsko $#Polsko $8--Trx--Polska$gkraj $x09 $9391345966 
244Z/01 $#Ostrau (Region) $#Ostravsko $74442248-9 $8--Tg1--Ostrau$zRegion $x10 $9088782778 
244Z/01 $aGeschichte 1500-1950 $x11 
245Z/01 $a12.03 $x01 
245Z/01 $a09.04 $x02 
247C/01 $82080>Marburg/Lahn, Herder-Institut, Forschungsbibliothek, Bibliographieportal $9336309341
LEADER 00000cam a2200000 c 4500
001 197394906
003 DE-603
005 20210421193113.0
007 tu
008 080401s2007 xx |||| | u00||u|cze c
020 |a 9788073291549 
035 |a (DE-599)HEB197394906 
040 |a DE-603  |b ger  |c DE-603  |d DE-603 
041 |a cze 
082 0 4 |8 1\u  |a 330.094371  |q DE-101  |2 23/BSB 
085 |8 1\u  |b 330.09 
085 |8 1\u  |z 2  |s 4371 
085 |8 1\u  |z 2  |s 438 
085 |8 1\u  |z 2  |s 4385 
100 1 |a Navrátil, Boleslav  |d 1941-  |0 (DE-603)194350630  |0 (DE-588)13383056X  |2 gnd 
245 0 0 |a Ostravské pivovarnictví aneb Jak Ostrava k pivu přišla  |c Boleslav Navrátil 
250 |a 1. vyd. 
264 1 |a Ostrava  |b Repronis  |c 2007 
300 |a 50 S.  |b IIl. 
490 0 |a Ostravica  |v 17 
504 |a Literaturverz. S. 50 
648 7 |a Geschichte  |2 gnd 
650 7 |a Brauerei  |0 (DE-588)4008024-9  |0 (DE-603)085013617  |2 gnd 
651 7 |a Ostrava  |0 (DE-588)4044095-3  |0 (DE-603)085123633  |2 gnd 
924 0 |9 Mb 50  |a (DE-603)541769367  |b DE-Mb50  |c HES  |d c  |g S 24926 
924 0 |9 2080  |a (DE-603)792077490  |b DE-2080  |c HES  |d d  |g /